| 000 | 00976nam a22002897a 4500 | ||
|---|---|---|---|
| 003 | EG-ScBUE | ||
| 005 | 20220919105151.0 | ||
| 008 | 090609s2008 enkab f b 001 0 eng d | ||
| 020 | _a9780750663946 (pbk.) | ||
| 020 | _a0750663944 (pbk.) | ||
| 040 |
_aEG-ScBUE _beng _erda _cEG-ScBUE _dEG-ScBUE |
||
| 082 | 0 | 4 |
_222 _a720.47 _bHAL |
| 100 | 1 |
_aHalliday, Sandy, _eauthor. _95964 |
|
| 245 | 1 | 0 |
_aSustainable construction / _cSandy Halliday. |
| 250 | _aFirst edition. | ||
| 264 | 1 |
_aOxford, UK ; _aBurlington, MA : _bButterworth-Heinemann, _c2008. |
|
| 300 |
_a[ix], 395 pages : _billustrations (chiefly color), maps ; _c28 cm |
||
| 336 |
_2rdacontent _atext _btxt |
||
| 337 |
_2rdamedia _aunmediated _bn |
||
| 338 |
_2rdacarrier _avolume _bnc |
||
| 504 | _aIncludes bibliographical references and index. | ||
| 650 | 7 |
_aSustainable buildings _xDesign and construction. _95965 _2BUEsh |
|
| 651 | _2BUEsh | ||
| 653 | _bENGARC | ||
| 655 |
_vReading book _934232 |
||
| 942 |
_2ddc _cBB |
||
| 999 |
_c11781 _d11781 |
||